Museo - Rauw Alejandro - Estadísticas

Estadísticas generales
  • Esta prueba ha sido intentada 33 veces
  • La puntuación promedio es 307 de 448
Estadísticas de respuestas
Letra % Correcto
o
100%
si
100%
y
100%
Y
100%
a
93%
de
93%
De
93%
93%
e'
93%
'e
93%
es
93%
me
93%
museo
93%
sin
93%
Su
93%
su
93%
te
93%
Te
93%
tu
93%
93%
93%
tu'
93%
en
87%
En
87%
ese
87%
Ese
87%
no'
87%
no
87%
No
87%
Que
87%
que
87%
Qué
87%
ropa
87%
se
87%
ti
87%
ve'
87%
yo
87%
Yo
87%
Cuando
80%
deseo
80%
el
80%
la
80%
La
80%
lo
80%
lo'
80%
Lo
80%
Mi
80%
mi
80%
to'
80%
veo
80%
agua'
73%
besar
73%
lunar
73%
piel
73%
pones
73%
pongo
73%
puedo
73%
Solo
73%
tiene
73%
toto
73%
un
73%
volar
73%
amor
67%
atardecer
67%
boca
67%
buceo
67%
cae
67%
Chanel
67%
como
67%
Como
67%
desees
67%
encontré
67%
ere'
67%
le
67%
le'
67%
pido
67%
puse
67%
quieres
67%
sexo
67%
temblar
67%
tus
67%
blusa
60%
cama
60%
cuatro
60%
da
60%
diabla
60%
Dime
60%
Dios
60%
duerme
60%
ella
60%
emborraché
60%
mía
60%
nada
60%
nos
60%
pose
60%
siempre
60%
'Tá
60%
también
60%
Toda
60%
Volvería
60%
ángele'
53%
aquella
53%
Aquella
53%
aunque
53%
bandido
53%
cabeza
53%
coctel
53%
cuiden
53%
dejo
53%
delata
53%
dolor
53%
eché
53%
esconder
53%
gloria
53%
haga
53%
haga'
53%
(I
53%
I
53%
masoquista
53%
memoria
53%
mete
53%
mirada
53%
placer
53%
Por
53%
por
53%
quede
53%
quiera'
53%
sus
53%
una
53%
vo'a
53%
Adentro
47%
Barcelona
47%
bellaca
47%
buscando
47%
casa
47%
cojone'
47%
fiera
47%
hacer
47%
haciendo
47%
mundo
47%
nena
47%
otra
47%
quedó
47%
selva
47%
sepa
47%
son
47%
suerte
47%
ahora
40%
Así
40%
Chingamo'
40%
claro
40%
debajo
40%
donde
40%
dormimos
40%
eh
40%
encontrarme
40%
entendimo'
40%
estamo'
40%
fluidos
40%
fuera
40%
Grita
40%
hicimo'
40%
jalo
40%
ombligo
40%
quien
40%
río
40%
terraza
40%
Todavía
40%
trepa
40%
vuelta
40%
asimilo
33%
bata
33%
biblioteca
33%
estés
33%
gatillo
33%
jalarte
33%
moto
33%
New
33%
pelo
33%
Quiero
33%
sonidos
33%
to'a
33%
ver
33%
York
33%
Chingando
27%
desnudez
27%
Fanático
27%
muerdo
27%
sea
27%
ey
20%
love
13%
'toy
13%
you
13%
you)
13%
mató
7%
viejos
7%
Hasta
0%
jaja
0%
jeje
0%
Recuérdeme
0%
No se encontraron pruebas coincidentes
Distribución de puntuación
Porcentaje de gente con cada puntuación
Porcentaje por número respondido
Historial de tus puntuaciones
No has intentado esta prueba.